LEADER 04440nam 2200661 a 450 001 9910790452703321 005 20230801221531.0 010 $a1-280-49719-X 010 $a9786613592422 010 $a94-012-0733-X 024 7 $a10.1163/9789401207331 035 $a(CKB)2670000000148479 035 $a(EBL)943854 035 $a(SSID)ssj0000647446 035 $a(PQKBManifestationID)11383148 035 $a(PQKBTitleCode)TC0000647446 035 $a(PQKBWorkID)10593529 035 $a(PQKB)10031794 035 $a(MiAaPQ)EBC943854 035 $a(OCoLC)774635817 035 $a(nllekb)BRILL9789401207331 035 $a(Au-PeEL)EBL943854 035 $a(CaPaEBR)ebr10535705 035 $a(CaONFJC)MIL359242 035 $a(OCoLC)785785353 035 $a(EXLCZ)992670000000148479 100 $a20120309d2012 uy 0 101 0 $aeng 135 $aur|n|---||||| 181 $ctxt 182 $cc 183 $acr 200 10$aResponses to the enlightenment$b[electronic resource] $ean exchange on foundations, faith, and community /$fWilliam Sweet and Hendrik Hart 210 $aAmsterdam $cRodopi$d2012 215 $a1 online resource (312 p.) 225 1 $aValue inquiry book series. Philosophy and religion ;$vv. 241 300 $aDescription based upon print version of record. 311 $a90-420-3447-5 320 $aIncludes bibliographical references and index. 327 $tPreliminary Material -- $tREASON AND RELIGION /$rHendrik Hart -- $tLIBERALISM, PLURALISM, AND LIVED FAITH /$rHendrik Hart -- $tANTI-FOUNDATIONALISM AND THE NATURE OF RELIGIOUS BELIEF /$rWilliam Sweet -- $tFAITH AS TRUST AND BELIEF AS INTELLECTUAL CREDULITY /$rHendrik Hart -- $tFAITH, BELIEF, AND RELIGIOUS TRUTH /$rWilliam Sweet -- $tDISCOURSE AND RELIGIOUS TRUTH /$rWilliam Sweet -- $tRELIGIOUS BELIEF, MEANING, AND ARGUMENT /$rWilliam Sweet -- $tFINAL VOCABULARIES AND BUILDING COMMUNITIES /$rWilliam Sweet -- $tRELIGIOUS BELIEF AND COMMUNITY /$rWilliam Sweet -- $tSORTING OUT REASON /$rHendrik Hart -- $tFOCUSED IN FAITH: THE EPISTEMOLOGY OF FAITH AS A WAY OF KNOWING /$rHendrik Hart -- $tTHE GIVE-AND-TAKE OF CROSS-TRADITIONAL DISCOURSE /$rHendrik Hart -- $tDISTINGUISHING TO UNITE: REASON, RELIGION, AND THE LEGACY OF THE ENLIGHTENMENT /$rWilliam Sweet -- $tWORKS CITED -- $tADDENDUM TO CHAPTER SIX: TERMINOLOGICAL CLARIFICATIONS /$rWilliam Sweet -- $tABOUT THE AUTHORS -- $tINDEX -- $tVIBS. 330 $aSince the time of the Enlightenment in Western Europe, discussions of faith and reason have often pitted the believer against the skeptic, the theist against the atheist, and the person of one faith against the person of no professed faith. But the relation of reason to faith has been a matter of debate among believers as well. There are those who hold that religious faith can be proven or supported by rational argument. Others say that to try to give reasons and arguments does violence to religious faith, or opens it to misunderstanding and doubt, or trivializes it. Responses to the Enlightenment: An Exchange on Foundations, Faith, and Community is a dialogue between Hendrik Hart and William Sweet, two philosophers who identify themselves as Christians, and who seek to respond to the challenges of the Enlightenment and its legacy. The authors approach the relation of faith to reason, however, in very different ways: Hart from the perspective of the Calvinian tradition and postmodern philosophy, Sweet from the Catholic tradition and analytic philosophy. Among the topics discussed are the nature of religious faith and of reason, liberalism and orthodoxy in religion, the relation of religious experience and rationality, and building community in a religiously and culturally pluralistic world. This exchange presents two distinctive perspectives to some of the major challenges of the reason to religious belief, but seeks to find common ground between them. 410 0$aValue inquiry book series.$pPhilosophy and religion ;$vv. 241. 606 $aEnlightenment 606 $aFaith 606 $aReason 615 0$aEnlightenment. 615 0$aFaith. 615 0$aReason. 676 $a201.61 700 $aSweet$b William$0303586 701 $aHart$b Hendrik$01522460 801 0$bMiAaPQ 801 1$bMiAaPQ 801 2$bMiAaPQ 906 $aBOOK 912 $a9910790452703321 996 $aResponses to the enlightenment$93762171 997 $aUNINA LEADER 03058nam 2200841 450 001 9910790304403321 005 20230421054048.0 010 $a0-520-94812-2 024 7 $a10.1525/9780520948129 035 $a(CKB)2670000000208024 035 $a(EBL)922947 035 $a(OCoLC)794663713 035 $a(SSID)ssj0000678239 035 $a(PQKBManifestationID)11469948 035 $a(PQKBTitleCode)TC0000678239 035 $a(PQKBWorkID)10699832 035 $a(PQKB)11758496 035 $a(MiAaPQ)EBC922947 035 $a(DE-B1597)520202 035 $a(OCoLC)870088764 035 $a(DE-B1597)9780520948129 035 $a(Au-PeEL)EBL922947 035 $a(CaPaEBR)ebr10833823 035 $a(CaONFJC)MIL572035 035 $a(EXLCZ)992670000000208024 100 $a20140212h19981990 uy 0 101 0 $aeng 135 $aurnn#---||||| 181 $ctxt 182 $cc 183 $acr 200 10$aLost names $escenes from a Korean boyhood /$fRichard E. Kim 205 $aFortieth anniversary edition. 210 1$aBerkeley, California :$cUniversity of California Press,$d1998. 210 4$dİ1990 215 $a1 online resource (223 p.) 300 $aDescription based upon print version of record. 311 0 $a0-520-26812-1 327 $tFront matter --$tContents --$tPreface to the Fortieth Anniversary Edition --$tCrossing --$tHomecoming --$tOnce upon a Time, on a Sunday --$tLost Names --$tAn Empire for Rubber Balls --$t"Is Someone Dying? " --$tIn the Making of History-Together --$tAuthor's Note 330 $aIn this classic tale, Richard E. Kim paints seven vivid scenes from a boyhood and early adolescence in Korea at the height of the Japanese occupation, 1932 to 1945. Taking its title from the grim fact that the occupiers forced the Koreans to renounce their own names and adopt Japanese names instead, the book follows one Korean family through the Japanese occupation to the surrender of the Japanese empire. Lost Names is at once a loving memory of family and a vivid portrayal of life in a time of anguish. 606 $aAuthors, American$vBiography 610 $a1930s japan. 610 $aasian history. 610 $aautobiography. 610 $aautoethnography. 610 $abiography. 610 $aethnography. 610 $ahuman spirit. 610 $ajapanese empire. 610 $ajapanese history. 610 $ajapanese names. 610 $ajapanese occupation. 610 $akorea japan relations. 610 $akorean history. 610 $aloving memory. 610 $amemoir. 610 $anorth korea. 610 $asouth korea. 610 $asuffering. 610 $asurrender of japan. 610 $asurvival. 610 $aww ii. 610 $azainichi korean. 615 0$aAuthors, American 676 $a813.54 700 $aKim$b Richard E$01559040 801 0$bMiAaPQ 801 1$bMiAaPQ 801 2$bMiAaPQ 906 $aBOOK 912 $a9910790304403321 996 $aLost names$93823926 997 $aUNINA